000
00250nam a22001217a 4500
041
_a
ENG
100
_a
Druben.L
245
_a
Small Farm Grais Shorage
260
_a
London
_b
U.S Pras
_c
1976
300
_a
558
650
_a
APE (10)
856
_u
APE (10)
999
_c
2885
_d
2885